000 00856nam a2200205 4500
001 119646
003 ES-MaACL
005 20230906191350.0
007 t|
008 070214s1956 sp r ||||1| spa d
100 1 _aPericay, Pedro.
_991253
245 1 4 _aLas raíces históricas del extremo NE peninsular desde la lingüística
_b: para una caracterización prerromana del Ampurdán /
_cpor Pedro Pericay.
260 _a[S. l.] :
_bBiblioteca Palacio de Peralada,
_c1956.
300 _a74 p. ;
_c27 cm.
490 1 _aPublicaciones Biblioteca Palacio de Peralada. serie in 4º mayor ;
_v6
500 _aObra premiada en el Certamen celebrat per la Biblioteca del Palau de Peralada, 1953.
830 0 _aPublicaciones Biblioteca Palacio de Peralada. serie in 4º mayor ;
_v6
_9218616
852 _aES-MaACL
_j1976-F-17
_bR.40153
999 _c119646
_d119646